[Event "Tournoi Skype 029A"]
[Site "Skype"]
[Date "????.??.??"]
[Round "3.12"]
[White "Lucena Vaz, Jose"]
[Black "Vasquez Cienfuegos, Oscar"]
[Result "1-0"]
[WhiteElo "1674"]
[BlackElo "1470"]
[PlyCount "111"]

1. c4 Nf6 2. g3 d5 3. Bg2 c6 4. Nc3 dxc4 5. d4 cxd3 6. exd3 e6 7. Nge2 h6 8.
Bf4 Bd6 9. O-O Qc7 10. Rc1 O-O 11. Nb5 Qb6 12. Bxd6 Qxb5 13. Bxf8 Kxf8 14. Qc2
Nbd7 15. Nc3 Qb6 16. Na4 Qd8 17. Nc5 Nb6 18. Ne4 Nfd5 19. Rfe1 Kg8 20. a3 Ne7
21. Nc5 Nbd5 22. b4 b6 23. Ne4 Bb7 24. Nc3 Nf6 25. Nb5 a6 26. Nc3 Rc8 27. Ne4
Nfd5 28. Qe2 b5 29. Qc2 Nf5 30. Nc5 Qc7 31. Nxb7 Qxb7 32. Bxd5 exd5 33. Qc5 h5
34. Re5 g6 35. Rxd5 cxd5 36. Qxc8+ Qxc8 37. Rxc8+ Kg7 38. Ra8 Nd4 39. Rxa6 Nf3+
40. Kg2 Ne1+ 41. Kh3 Nxd3 42. f4 Ne1 43. Rd6 Nc2 44. Rxd5 Nxa3 45. Kg2 Kf6 46.
Kf3 Ke7 47. Rc5 Kf6 48. Ke4 Nb1 49. Kd4 Nd2 50. Rxb5 Nf3+ 51. Ke4 Nxh2 52. Rc5
Nf1 53. b5 Nxg3+ 54. Kf3 h4 55. b6 Nf5 56. Rxf5+ 1-0

[Event "Tournoi Skype 029A"]
[Site "Skype"]
[Date "????.??.??"]
[Round "3.13"]
[White "Mesa Garcia, Angel"]
[Black "Ram, Madhukesh"]
[Result "1-0"]
[WhiteElo "1638"]
[BlackElo "1243"]
[PlyCount "69"]

1. d4 Nf6 2. Nf3 g6 3. Bg5 Bg7 4. c3 d6 5. h3 O-O 6. Nbd2 Nbd7 7. e4 e5 8. Bc4
h6 9. Bh4 g5 10. Bg3 exd4 11. cxd4 Kh8 12. O-O Nh5 13. Bh2 Ndf6 14. Re1 g4 15.
hxg4 Bxg4 16. Qb3 b6 17. Bxf7 Qd7 18. Bxh5 Nxh5 19. e5 Bxf3 20. Nxf3 dxe5 21.
Bxe5 Rg8 22. Qe3 Bxe5 23. Qxh6+ Qh7 24. Qxh7+ Kxh7 25. Rxe5 Nf4 26. g3 Raf8 27.
Re7+ Kh8 28. Ne5 Nd5 29. Rd7 c6 30. Rc1 Nf6 31. Rxa7 Rg7 32. Rxg7 Kxg7 33. Rxc6
Ne4 34. f3 Nxg3 35. Rg6+ 1-0

[Event "Tournoi Skype 029A"]
[Site "Skype"]
[Date "????.??.??"]
[Round "3.14"]
[White "Calderon, Francisco"]
[Black "Trivedi, Viral"]
[Result "1-0"]
[WhiteElo "1604"]
[BlackElo "1230"]
[PlyCount "57"]

1. e4 e6 2. Nf3 d5 3. exd5 exd5 4. d4 Nf6 5. Bd3 Bd6 6. h3 c6 7. O-O h6 8. Re1+
Be6 9. Nbd2 O-O 10. Nf1 Nbd7 11. Be3 Re8 12. Qd2 Ne4 13. Qe2 Ndf6 14. c3 Qc8
15. Ne5 Bxe5 16. dxe5 Nd7 17. f3 Nec5 18. Bc2 Na6 19. f4 Nb6 20. Qd3 g6 21. g4
Bxg4 22. hxg4 Qxg4+ 23. Kf2 Nc4 24. b3 Nxe3 25. Qxe3 Qh4+ 26. Qg3 Qe7 27. Ne3
Nc5 28. Kf3 f5 29. Nxf5 1-0

[Event "Tournoi Skype 029A"]
[Site "Skype"]
[Date "????.??.??"]
[Round "3.16"]
[White "Gungor, Gokhan"]
[Black "Gokcek, Cagri"]
[Result "1-0"]
[WhiteElo "1579"]
[BlackElo "1363"]
[PlyCount "37"]

1. e4 e5 2. f4 exf4 3. Nf3 d6 4. Bc4 Be7 5. d4 Nf6 6. Nc3 a6 7. Bxf4 O-O 8. O-O
b5 9. Bd3 Bb7 10. e5 dxe5 11. dxe5 Nd5 12. Nxd5 Qxd5 13. Qe2 Nd7 14. Rad1 Qxa2
15. Bxh7+ Kxh7 16. Rxd7 Bc5+ 17. Kh1 Bb6 18. Ng5+ Kg8 19. Qh5 1-0

[Event "Tournoi Skype 029A"]
[Site "Skype"]
[Date "????.??.??"]
[Round "3.17"]
[White "Pasasin, Alejandro"]
[Black "Alvarez, Juan Evangelista"]
[Result "0-1"]
[WhiteElo "1347"]
[BlackElo "1575"]
[PlyCount "46"]

1. e4 Nf6 2. d3 Nc6 3. Nf3 d6 4. Nbd2 e5 5. g3 d5 6. Bg2 dxe4 7. dxe4 Bb4 8. c3
Ba5 9. O-O O-O 10. Re1 Bb6 11. h3 Be6 12. Kh1 Qe7 13. Nf1 Bxf2 14. Re2 Rad8 15.
Qc2 Bb6 16. Bg5 Bc4 17. Rd2 Rxd2 18. Bxd2 Nh5 19. Kh2 f5 20. Bg5 Qf7 21. b3 Be6
22. N3d2 fxe4 23. Bxe4 Qf2+ 0-1

[Event "Tournoi Skype 029A"]
[Site "Skype"]
[Date "????.??.??"]
[Round "3.18"]
[White "Lovell, Stan"]
[Black "Alarcon Alarcon, Florentina"]
[Result "0-1"]
[WhiteElo "1575"]
[BlackElo "1362"]
[PlyCount "56"]

1. e4 e5 2. Bc4 Nf6 3. d4 exd4 4. Nf3 Bc5 5. O-O O-O 6. e5 Ne4 7. Nxd4 d5 8.
exd6 Nxd6 9. Bd3 Bxd4 10. c3 Bf6 11. Bf4 Bf5 12. Be2 Nc6 13. Nd2 Be5 14. Be3
Ne4 15. Qc1 Nxd2 16. Bxd2 Qf6 17. Bf3 Qg6 18. Re1 Bd6 19. a4 Bg4 20. Be4 Qh5
21. g3 Bf3 22. Re3 Bxe4 23. Rxe4 Ne5 24. Kf1 Qf3 25. Re3 Qh1+ 26. Ke2 Qxc1 27.
Rxc1 Nc4 28. Re4 Rfe8 0-1

[Event "Tournoi Skype 029A"]
[Site "Skype"]
[Date "????.??.??"]
[Round "3.19"]
[White "Mishra, Sourabh"]
[Black "Pouteau, Pascal"]
[Result "0-1"]
[WhiteElo "1564"]
[BlackElo "1345"]
[PlyCount "70"]

1. d4 d5 2. Nf3 Nf6 3. e3 Bg4 4. Nbd2 e6 5. h3 Bh5 6. Be2 Bd6 7. O-O O-O 8. c4
c6 9. Qb3 Qc7 10. Re1 Nbd7 11. Qd1 Ne4 12. b3 Nc3 13. Qc2 Nxe2+ 14. Rxe2 Bg6
15. Qd1 Nf6 16. Bb2 Ne4 17. Rc1 Bb4 18. cxd5 exd5 19. a3 Bd6 20. b4 a6 21. Ne5
Bf5 22. g4 Be6 23. Ndf3 f6 24. Nd3 f5 25. Nfe5 fxg4 26. hxg4 Rf6 27. Nf4 Raf8
28. Nxe6 Rxe6 29. f4 Qe7 30. Rh2 Rff6 31. f5 Rh6 32. fxe6 Rxh2 33. Kxh2 Qh4+
34. Kg1 Qf2+ 35. Kh1 Ng3# 0-1

[Event "Tournoi Skype 029A"]
[Site "Skype"]
[Date "????.??.??"]
[Round "3.20"]
[White "Gharbi, Said"]
[Black "Castillo, Jesus"]
[Result "1-0"]
[WhiteElo "1335"]
[BlackElo "1557"]
[PlyCount "31"]

1. e4 e5 2. f4 exf4 3. Nf3 Nf6 4. e5 Qe7 5. d4 d6 6. Bxf4 dxe5 7. dxe5 Nh5 8.
Qd2 Nxf4 9. Qxf4 Nc6 10. Bb5 Bd7 11. Bxc6 Bxc6 12. O-O Qc5+ 13. Nd4 Qb4 14.
Qxf7+ Kd8 15. Ne6+ Kc8 16. Qxc7# 1-0

[Event "Tournoi Skype 029A"]
[Site "Skype"]
[Date "????.??.??"]
[Round "3.21"]
[White "Le Brun, Yves"]
[Black "Khetre, Gaurav"]
[Result "0-1"]
[WhiteElo "1335"]
[BlackElo "1540"]
[PlyCount "114"]

1. d4 d5 2. Bf4 Nf6 3. Nc3 e6 4. Nf3 Bd6 5. Ne5 O-O 6. e3 b6 7. Bd3 Bb7 8. h4
c5 9. g4 c4 10. Be2 Nfd7 11. Bg3 Qe7 12. f4 f6 13. Nf3 e5 14. f5 e4 15. Bxd6
Qxd6 16. Ng1 Qg3+ 17. Kd2 Na6 18. Qe1 Qg2 19. Rh3 Nc7 20. Qf1 Qxf1 21. Rxf1 b5
22. a3 h6 23. Rg3 a5 24. Nd1 Rf7 25. c3 Nf8 26. Nh3 g5 27. hxg5 hxg5 28. Rh1
Re8 29. Ndf2 Ree7 30. Ng1 Rh7 31. Rh5 Na6 32. Rgh3 b4 33. Rh6 Ref7 34. Nh1 b3
35. Ng3 Nc7 36. Nxe4 dxe4 37. Bxc4 Bd5 38. Bf1 Nd7 39. c4 Bb7 40. Rg6+ Rfg7 41.
Ne2 Rxh3 42. Bxh3 Kh7 43. Rxg7+ Kxg7 44. Nc3 Nb6 45. Bg2 Nxc4+ 46. Ke2 Nxb2 47.
Bxe4 Bxe4 48. Nxe4 Nc4 49. Nc3 Nxa3 50. e4 b2 51. Kd1 b1=Q+ 52. Nxb1 Nxb1 53.
Kc2 Na3+ 54. Kb3 Nab5 55. d5 Nd6 56. Ka4 Nxe4 57. Kxa5 Nxd5 0-1

[Event "Tournoi Skype 029A"]
[Site "Skype"]
[Date "????.??.??"]
[Round "3.22"]
[White "Grib, Johannes"]
[Black "Altinok, Selim"]
[Result "0-1"]
[WhiteElo "1259"]
[BlackElo "1536"]
[PlyCount "116"]

1. c4 Nf6 2. Nc3 g6 3. e3 Bg7 4. d4 O-O 5. Bd3 d6 6. h3 Nbd7 7. Nf3 e5 8. Ne4
Nxe4 9. Bxe4 Nf6 10. Bb1 e4 11. Nd2 Re8 12. a4 a5 13. b3 c6 14. Ra2 Bd7 15. Ba3
Bf8 16. d5 c5 17. Bb2 Bg7 18. g4 h6 19. Nf1 Nh7 20. Bxg7 Kxg7 21. h4 f5 22.
gxf5 Bxf5 23. Ng3 Qf6 24. Nxf5+ Qxf5 25. h5 g5 26. Bc2 g4 27. Rh4 Nf6 28. Qa1
Kf7 29. Bd1 Qg5 30. Rh1 Nxh5 31. Rg1 Nf6 32. Qc3 h5 33. f4 Qf5 34. Rh2 Rh8 35.
Rh4 b6 36. Rg3 Rh7 37. Be2 Rg8 38. Qc2 Ne8 39. Bf1 Ng7 40. Bg2 Re8 41. Qc3 Kg8
42. Kf2 Qf7 43. Rgxg4 hxg4 44. Rxg4 Qh5 45. Kg3 Rf8 46. Qb2 Qh2+ 47. Kf2 Rf7
48. Rg6 Kf8 49. Rxd6 Rxf4+ 50. exf4 Qxf4+ 51. Kg1 Qh2+ 52. Kf1 Qxd6 53. Qf2+
Ke7 54. Bxe4 Rh2 55. Qe3 Qe5 56. d6+ Kxd6 57. Qd3+ Ke7 58. Kg1 Rh4 0-1

[Event "Tournoi Skype 029A"]
[Site "Skype"]
[Date "????.??.??"]
[Round "3.23"]
[White "Sanchez Ruiz, Justo"]
[Black "Kruk, Clementine"]
[Result "1-0"]
[WhiteElo "1526"]
[BlackElo "1293"]
[PlyCount "83"]

1. e4 e5 2. Bc4 Nf6 3. d4 exd4 4. Nf3 Bb4+ 5. c3 dxc3 6. bxc3 Bc5 7. O-O Nc6 8.
e5 d5 9. exf6 dxc4 10. Qxd8+ Nxd8 11. fxg7 Rg8 12. Na3 Be6 13. Re1 Kd7 14. Rd1+
Kc8 15. Nb5 a6 16. Nbd4 Rxg7 17. Nxe6 Nxe6 18. Be3 Bd6 19. Nd4 Nf4 20. Bxf4
Bxf4 21. Nf5 Rg5 22. Ne7+ Kb8 23. Rd8+ Ka7 24. Nc8+ Kb8 25. Nb6+ Ka7 26. Nxa8
Rb5 27. g3 Bg5 28. Rc8 c6 29. a4 Rb3 30. a5 b5 31. Nb6 Rxc3 32. Rd1 Rd3 33. Re1
c3 34. Rxc6 b4 35. Rc7+ Kb8 36. Rxf7 c2 37. Nd7+ Kc8 38. Nb6+ Kb8 39. Nd7+ Kc8
40. Nb6+ Kd8 41. Rf8+ Kc7 42. Rc8+ 1-0

[Event "Tournoi Skype 029A"]
[Site "Skype"]
[Date "????.??.??"]
[Round "3.24"]
[White "Yeter, Orhan"]
[Black "Hague, Mark"]
[Result "1-0"]
[WhiteElo "1245"]
[BlackElo "1525"]
[PlyCount "63"]

1. e4 c6 2. d4 d5 3. exd5 cxd5 4. c4 dxc4 5. Bxc4 e5 6. Nf3 exd4 7. Qxd4 Bb4+
8. Nc3 Qxd4 9. Nxd4 Bxc3+ 10. bxc3 Nf6 11. Nb5 Na6 12. Nd6+ Kd7 13. Nxf7 Re8+
14. Be3 Ng4 15. Bb5+ Ke7 16. Bxe8 Kxe8 17. Nd6+ Kd7 18. Nxc8 Rxc8 19. Rd1+ Ke6
20. Bd4 g6 21. O-O Nc7 22. Bxa7 Ra8 23. Rfe1+ Kf5 24. Bb6 Ne6 25. h3 Nf6 26.
g4+ Nxg4 27. hxg4+ Kxg4 28. Rxe6 Rxa2 29. Rd5 Kh3 30. Re3+ Kh4 31. Re4+ Kh3 32.
Rd3# 1-0

[Event "Tournoi Skype 029A"]
[Site "Skype"]
[Date "????.??.??"]
[Round "3.26"]
[White "Garcia Diaz, Jose"]
[Black "Chavero, Victor"]
[Result "0-1"]
[WhiteElo "1506"]
[BlackElo "1283"]
[PlyCount "50"]

1. e4 e6 2. a3 c5 3. c4 Nc6 4. Nf3 g6 5. Nc3 Bg7 6. Be2 Nge7 7. O-O O-O 8. d3
b6 9. Re1 Bb7 10. Rb1 Ne5 11. Nb5 Nxf3+ 12. Bxf3 d6 13. Bd2 d5 14. exd5 exd5
15. cxd5 Nxd5 16. Qb3 a6 17. Nc3 Nxc3 18. Bxb7 Nxb1 19. Rxb1 Ra7 20. Bf3 Rd7
21. Be2 Bd4 22. Bh6 Re8 23. Bg4 Rd6 24. Kf1 Qh4 25. Bf4 Qxf2# 0-1

[Event "Tournoi Skype 029A"]
[Site "Skype"]
[Date "????.??.??"]
[Round "3.28"]
[White "Yardimci, Ertan"]
[Black "Engstrom, Olle"]
[Result "1/2-1/2"]
[WhiteElo "1208"]
[BlackElo "1448"]
[PlyCount "42"]

1. d4 Nf6 2. Nf3 g6 3. c4 Bg7 4. Nc3 d5 5. Bf4 c5 6. e3 O-O 7. Be2 Nc6 8. O-O
cxd4 9. exd4 Bg4 10. cxd5 Nxd5 11. Nxd5 Qxd5 12. Be3 Rfd8 13. h3 Bxf3 14. Bxf3
Qd6 15. Qb3 Nxd4 16. Bxd4 Bxd4 17. Rfd1 Qb6 18. Qxb6 Bxb6 19. Bxb7 Rxd1+ 20.
Rxd1 Rd8 21. Rxd8+ Bxd8 1/2-1/2

[Event "Tournoi Skype 029A"]
[Site "Skype"]
[Date "????.??.??"]
[Round "3.29"]
[White "Bagayatkar, Madan"]
[Black "Bendre, Pankaj"]
[Result "1-0"]
[WhiteElo "1443"]
[BlackElo "1182"]
[PlyCount "49"]

1. e4 c6 2. d4 d5 3. Nc3 dxe4 4. Nxe4 Bf5 5. Ng3 Bg6 6. Nf3 e6 7. Bd3 Bxd3 8.
Qxd3 Bd6 9. Bg5 Qc7 10. Ne4 h6 11. Bh4 f5 12. Nxd6+ Qxd6 13. Ne5 Nd7 14. Bg3
Qb4+ 15. c3 Qb6 16. Nc4 Qd8 17. Nd6+ Ke7 18. Nxb7 Qf8 19. Be5 Nxe5 20. dxe5 Kf7
21. Nd6+ Ke7 22. O-O-O Rd8 23. Qa6 Rd7 24. Qxc6 h5 25. Nxf5+ 1-0

[Event "Tournoi Skype 029A"]
[Site "Skype"]
[Date "????.??.??"]
[Round "3.30"]
[White "Junqueira, Leonardo De Faria"]
[Black "Khunte, Aniruddha"]
[Result "1-0"]
[WhiteElo "1408"]
[BlackElo "1174"]
[PlyCount "35"]

1. e4 c5 2. d4 cxd4 3. c3 dxc3 4. Nxc3 Nc6 5. Bc4 e6 6. Nge2 Nf6 7. O-O Qc7 8.
Nb5 Qb8 9. Bf4 e5 10. Bg5 Be7 11. Bxf6 Bxf6 12. Nd6+ Kf8 13. Qd5 Ke7 14. Rad1
Nd4 15. Nxd4 exd4 16. e5 Bg5 17. Qxf7+ Kd8 18. Qxg7 1-0

[Event "Tournoi Skype 029A"]
[Site "Skype"]
[Date "????.??.??"]
[Round "3.31"]
[White "Legueltel, Daniel"]
[Black "Davis, Michael"]
[Result "1-0"]
[WhiteElo "1753"]
[BlackElo "1405"]
[PlyCount "51"]

1. d4 Nf6 2. c4 d5 3. e3 c6 4. Nf3 Nbd7 5. Be2 e6 6. O-O Be7 7. b3 O-O 8. Bb2
Ne4 9. Nbd2 Ndf6 10. Ne5 Nxd2 11. Qxd2 Ne4 12. Qd3 Bb4 13. f3 Nd2 14. Rfd1 f6
15. Ng4 dxc4 16. bxc4 Nxf3+ 17. Bxf3 Qe7 18. Qb3 e5 19. c5+ Be6 20. Qxb4 e4 21.
Be2 h5 22. Nf2 f5 23. Qe1 Qg5 24. Bc1 Qg6 25. Nh3 h4 26. Qxh4 1-0

[Event "Tournoi Skype 029A"]
[Site "Skype"]
[Date "????.??.??"]
[Round "3.32"]
[White "Silvestre Da Silva, Sidnei"]
[Black "Ramirez Reina, Orlando"]
[Result "1-0"]
[WhiteElo "1566"]
[BlackElo "1385"]
[PlyCount "71"]

1. e4 e5 2. Nf3 Nc6 3. Bc4 Bc5 4. c3 a6 5. d4 exd4 6. cxd4 Bb4+ 7. Bd2 Qe7 8.
O-O d6 9. Bxb4 Nxb4 10. Qb3 c5 11. Re1 Be6 12. e5 Bxc4 13. Qxc4 b5 14. Qb3 c4
15. Qxb4 d5 16. Qxe7+ Nxe7 17. Nc3 O-O 18. b3 Rac8 19. Rac1 b4 20. Na4 c3 21.
Nc5 a5 22. Rc2 Nf5 23. e6 fxe6 24. Rxe6 Rfe8 25. Ree2 h6 26. Nd3 Kf7 27. Nde5+
Kg8 28. Kf1 g5 29. h3 Rcd8 30. Nc6 Rxe2 31. Rxe2 Ra8 32. g4 Nd6 33. Ne7+ Kf7
34. Nxd5 Re8 35. Ne5+ Ke6 36. Nc7+ 1-0

[Event "Tournoi Skype 029A"]
[Site "Skype"]
[Date "????.??.??"]
[Round "3.33"]
[White "Casey, Eamonn"]
[Black "Perrone, Gabriel Lorenzo"]
[Result "0-1"]
[WhiteElo "1538"]
[BlackElo "1377"]
[PlyCount "36"]

1. d4 Nf6 2. c4 d5 3. Nf3 Bf5 4. Nc3 e6 5. Bg5 Be7 6. e3 Nbd7 7. cxd5 Nxd5 8.
Bxe7 Qxe7 9. Nxd5 exd5 10. Rc1 O-O 11. Rxc7 Qb4+ 12. Qd2 Qxd2+ 13. Kxd2 Nf6 14.
Rxb7 Ne4+ 15. Ke1 Rfc8 16. Ne5 Rc1+ 17. Ke2 Rc2+ 18. Kf3 Rxf2# 0-1

[Event "Tournoi Skype 029A"]
[Site "Skype"]
[Date "????.??.??"]
[Round "3.34"]
[White "Karia, Vijay"]
[Black "Carballo, Jorge"]
[Result "1-0"]
[WhiteElo "1482"]
[BlackElo "1367"]
[PlyCount "33"]

1. e4 e5 2. Nc3 Nf6 3. Bc4 Bc5 4. d3 O-O 5. f4 d6 6. Nf3 Bg4 7. Na4 Nbd7 8.
Nxc5 Nxc5 9. O-O d5 10. exd5 Nxd5 11. fxe5 Nb6 12. Bb3 Nxb3 13. axb3 Nd5 14.
Qe1 Nb4 15. Qxb4 Bxf3 16. Rxf3 c6 17. Qxb7 1-0

[Event "Tournoi Skype 029A"]
[Site "Skype"]
[Date "????.??.??"]
[Round "3.35"]
[White "Marino, Giuseppe"]
[Black "Perez, Luis Horacio"]
[Result "1-0"]
[WhiteElo "1339"]
[BlackElo "1438"]
[PlyCount "87"]

1. d4 d5 2. Nf3 Nc6 3. e3 Bf5 4. Bd3 Qd7 5. Bxf5 Qxf5 6. c3 Nf6 7. h3 e5 8.
dxe5 Nxe5 9. Nxe5 Qxe5 10. Nd2 Bd6 11. Nf3 Qe4 12. O-O O-O 13. Re1 Rad8 14. Ng5
Qf5 15. Nf3 a6 16. Nd4 Qe5 17. Nf3 Qe7 18. a3 Ne4 19. Bd2 Ng5 20. Nxg5 Qxg5 21.
Qf3 Qe5 22. g3 f5 23. Rac1 b5 24. Rcd1 Rd7 25. Bc1 Rdf7 26. Qxd5 Qf6 27. Qf3
Qg6 28. Qg2 Rf6 29. Qd5+ Kh8 30. Qg2 f4 31. exf4 Qf7 32. Re2 a5 33. Qd5 c6 34.
Qxf7 R8xf7 35. Re8+ Rf8 36. Rxf8+ Bxf8 37. Re1 h6 38. h4 Kh7 39. Re4 Rd6 40.
Rd4 Re6 41. Kf1 Bc5 42. Rd3 Kg6 43. g4 h5 44. f5+ 1-0

[Event "Tournoi Skype 029A"]
[Site "Skype"]
[Date "????.??.??"]
[Round "3.36"]
[White "Sepulveda, Lyda Marcela"]
[Black "Zenini, Simone"]
[Result "1-0"]
[WhiteElo "1306"]
[BlackElo "1436"]
[PlyCount "81"]

1. e4 e5 2. Nf3 Nc6 3. Bb5 a6 4. Ba4 Nf6 5. Qe2 Be7 6. c3 O-O 7. O-O d6 8. d3
b5 9. Bb3 Na5 10. Bc2 c5 11. Nbd2 Bb7 12. Rd1 Re8 13. Nf1 Nc6 14. Ng3 a5 15.
Nf5 Bf8 16. Bg5 Bc8 17. N3h4 h6 18. Bxf6 Qxf6 19. Qh5 Bxf5 20. Nxf5 Kh7 21. Ne3
Ne7 22. Bb3 g6 23. Qg4 a4 24. Bd5 Rac8 25. Qd7 Rb8 26. Rd2 Red8 27. Qa7 Kg7 28.
c4 Nxd5 29. Nxd5 Qg5 30. Rad1 bxc4 31. dxc4 Ra8 32. Qc7 Qg4 33. Nb6 Rab8 34. f3
Qe6 35. Qc6 g5 36. Rc2 a3 37. b3 Qe8 38. Qxe8 Rxe8 39. Nd7 Rb7 40. Nxf8 Rxf8
41. Rxd6 1-0

[Event "Tournoi Skype 029A"]
[Site "Skype"]
[Date "????.??.??"]
[Round "3.37"]
[White "Vaswani, Manohar"]
[Black "Aranzubia, Desiderio"]
[Result "1/2-1/2"]
[WhiteElo "1196"]
[BlackElo "1524"]
[PlyCount "75"]

1. e4 c5 2. Nf3 Nc6 3. Bc4 e6 4. Nc3 a6 5. O-O b5 6. Bb3 c4 7. d3 cxb3 8. axb3
Nge7 9. Nxb5 Ng6 10. Bg5 f6 11. Bh4 Nxh4 12. Nxh4 Bb7 13. Nc3 Ne7 14. Qh5+ g6
15. Qf3 f5 16. b4 Nc6 17. exf5 Qxh4 18. b5 axb5 19. Nxb5 Rb8 20. Nc7+ Kd8 21.
Nb5 Nd4 22. Qe3 Nxb5 23. Qb6+ Nc7 24. fxe6 dxe6 25. Rae1 Bxg2 26. Qxb8+ Kd7 27.
Kxg2 Bg7 28. Qb3 Qg5+ 29. Kh1 Be5 30. Qa4+ Ke7 31. Qa5 Kd6 32. d4 Bf4 33. Qb6+
Ke7 34. Qb7 Qh4 35. Qg2 Rf8 36. Re4 Rf5 37. h3 Rg5 38. Qf3 1/2-1/2

[Event "Tournoi Skype 029A"]
[Site "Skype"]
[Date "????.??.??"]
[Round "3.38"]
[White "Gadow, Martin"]
[Black "Vilas Boas, Crisolon Terto"]
[Result "1/2-1/2"]
[WhiteElo "1412"]
[BlackElo "1488"]
[PlyCount "78"]

1. d4 d5 2. Nf3 Nf6 3. Bf4 e6 4. e3 Bd6 5. Bg3 Ne4 6. Bd3 Bxg3 7. hxg3 Nd7 8.
Nbd2 Ndf6 9. Ne5 g6 10. g4 Nxd2 11. Qxd2 Ne4 12. Qe2 c5 13. c3 cxd4 14. exd4
Bd7 15. f3 Ng3 16. Qc2 Nxh1 17. O-O-O Ng3 18. Qf2 Qh4 19. Qc2 Bc6 20. f4 Ne4
21. Rf1 f6 22. Nxc6 bxc6 23. Bxe4 dxe4 24. Qxe4 Qxg4 25. Qxc6+ Kf7 26. Qd7+ Kg8
27. d5 Qxg2 28. Qxe6+ Kg7 29. Re1 Rae8 30. Qd7+ Kh6 31. Rxe8 Rxe8 32. Qxe8 Qxd5
33. Qf8+ Kh5 34. Qxf6 Qf5 35. Qd4 Kg4 36. Qg1+ Kxf4 37. Qh2+ Ke3 38. Qxh7 a5
39. Qa7+ Kd3 1/2-1/2

[Event "Tournoi Skype 029A"]
[Site "Skype"]
[Date "????.??.??"]
[Round "3.39"]
[White "Hurtado De Mendoza, Ramon Miguel"]
[Black "Aceituno, Stebe"]
[Result "1-0"]
[WhiteElo "1487"]
[BlackElo "1400"]
[PlyCount "77"]

1. e4 c5 2. Nf3 Nc6 3. d4 cxd4 4. Nxd4 g6 5. c4 Bg7 6. Be3 d6 7. Nc3 Nf6 8. f3
Bd7 9. Qd2 O-O 10. Rc1 a6 11. b3 e6 12. Be2 Ne5 13. O-O Rc8 14. Nc2 b5 15. Qxd6
Re8 16. Qxe5 Ng4 17. Qf4 Nxe3 18. Qxe3 bxc4 19. Bxc4 Bf8 20. Na4 Bxa4 21. Qe2
Qb6+ 22. Kh1 Bb5 23. Ne3 Bc5 24. Ng4 Bd4 25. e5 Kg7 26. Qd2 Bxe5 27. Nxe5 Bxc4
28. Nxc4 Qb8 29. Qd4+ Kg8 30. Qf6 Rc5 31. g4 Rec8 32. Rcd1 a5 33. Rd7 Rf8 34.
Rfd1 Rcc8 35. Kg2 a4 36. R1d2 axb3 37. Ne5 bxa2 38. Nxf7 a1=Q 39. Nh6# 1-0

[Event "Tournoi Skype 029A"]
[Site "Skype"]
[Date "????.??.??"]
[Round "3.40"]
[White "Couto, Januario"]
[Black "Mitrani, Alberto"]
[Result "1/2-1/2"]
[WhiteElo "1387"]
[BlackElo "1482"]
[PlyCount "59"]

1. e4 d6 2. d4 Nf6 3. Nc3 g6 4. h3 Bg7 5. Nf3 O-O 6. Bg5 Nbd7 7. Qd2 c6 8. Bh6
b5 9. Bxg7 Kxg7 10. Bd3 b4 11. Ne2 a5 12. Ng3 Nb6 13. Qg5 h6 14. Qd2 Ba6 15. c4
Bxc4 16. Bxc4 Nxc4 17. Qc2 Nb6 18. Qxc6 Rc8 19. Qb5 Rc2 20. b3 Qc7 21. O-O Nbd7
22. Qd3 Rc3 23. Qd1 Rc8 24. Re1 Rc2 25. e5 dxe5 26. dxe5 Nxe5 27. Nxe5 Qc5 28.
Nd3 Qc3 29. Ne2 Qc7 30. Ng3 1/2-1/2

[Event "Tournoi Skype 029A"]
[Site "Skype"]
[Date "????.??.??"]
[Round "3.41"]
[White "Galani, Mahendra"]
[Black "Frances, Carlos Alberto"]
[Result "0-1"]
[WhiteElo "1466"]
[BlackElo "1324"]
[PlyCount "74"]

1. e4 c5 2. Nf3 e6 3. d4 cxd4 4. Nxd4 a6 5. c3 Qc7 6. Bd3 Bc5 7. Be3 Nf6 8. O-O
Be7 9. Qd2 b6 10. Nc2 Bb7 11. f3 O-O 12. Bf2 d6 13. Nba3 Nbd7 14. Nc4 Rad8 15.
Qe2 b5 16. Nd2 d5 17. exd5 Nxd5 18. c4 Nf4 19. Qd1 Nxd3 20. Be3 Nxb2 21. Qe2
Nxc4 22. Nxc4 bxc4 23. Rac1 a5 24. Qf2 Rc8 25. Nd4 Ba6 26. Rc2 Nc5 27. Rd1 Rfd8
28. Qe1 Na4 29. Ne2 Bb4 30. Rxd8+ Rxd8 31. Qa1 c3 32. Ng3 Rd3 33. Qc1 Bc5 34.
Bxc5 Qxc5+ 35. Rf2 Qd4 36. Nf1 Rd1 37. Qxd1 Qxd1 0-1

[Event "Tournoi Skype 029A"]
[Site "Skype"]
[Date "????.??.??"]
[Round "3.42"]
[White "Sauvaget, Joel"]
[Black "Ortiz, Vladimir"]
[Result "1/2-1/2"]
[WhiteElo "1290"]
[BlackElo "1443"]
[PlyCount "47"]

1. d4 d5 2. Bf4 Bf5 3. e3 Nf6 4. c4 e6 5. Nf3 c6 6. h3 h6 7. cxd5 exd5 8. Bd3
Bxd3 9. Qxd3 Bd6 10. Bxd6 Qxd6 11. Nc3 O-O 12. O-O Nbd7 13. Rfe1 Rae8 14. Ne2
Qe7 15. Ng3 Ne4 16. Qd1 Nxg3 17. fxg3 Nf6 18. Ne5 Ne4 19. g4 Rc8 20. Rc1 Qe8
21. Qe2 f6 22. Nf3 Rf7 23. a3 Qf8 24. Nh4 1/2-1/2

[Event "Tournoi Skype 029A"]
[Site "Skype"]
[Date "????.??.??"]
[Round "3.43"]
[White "Sequeda Pimiento, Javier Ricardo"]
[Black "Vello, Pablo"]
[Result "1-0"]
[WhiteElo "1419"]
[BlackElo "1135"]
[PlyCount "93"]

1. e4 e6 2. d4 d5 3. e5 c5 4. c3 Nc6 5. Nf3 Qb6 6. Be2 Bd7 7. O-O Nge7 8. Na3
Nf5 9. Nc2 Rc8 10. a3 Na5 11. Rb1 Nb3 12. Bf4 Be7 13. h3 cxd4 14. cxd4 Ba4 15.
g4 Nh4 16. Nxh4 Bxh4 17. Be3 Bb5 18. Kg2 Bxe2 19. Qxe2 O-O 20. Rfd1 Rc4 21. Rd3
Rfc8 22. Nb4 a5 23. Rxb3 axb4 24. axb4 Rxb4 25. Rxb4 Qxb4 26. Ra1 g6 27. g5 Qb3
28. Ra3 Qc2 29. Qxc2 Rxc2 30. Rb3 Rc7 31. Kf3 h6 32. gxh6 Kh7 33. Kg4 Be7 34.
f4 Bf8 35. h4 Bxh6 36. h5 gxh5+ 37. Kxh5 Rc2 38. Rxb7 Re2 39. Rb3 Rh2+ 40. Kg4
Kg6 41. Kg3 Rc2 42. Kf3 Kf5 43. Rb8 Rc4 44. Rh8 Bg7 45. Rb8 Bh6 46. Rb7 f6 47.
Rf7 1-0

[Event "Tournoi Skype 029A"]
[Site "Skype"]
[Date "????.??.??"]
[Round "4.1"]
[White "Rico Hernandez, Edgar"]
[Black "Septien, Valeriano"]
[Result "0-1"]
[WhiteElo "1772"]
[BlackElo "1749"]
[PlyCount "52"]

1. d4 Nf6 2. c4 e5 3. dxe5 Ne4 4. Nf3 b6 5. Qd5 Bb7 6. Qxb7 Nc6 7. Qa6 Bb4+ 8.
Bd2 Nc5 9. Qb5 Bxd2+ 10. Nbxd2 a6 11. Qxc5 bxc5 12. Ne4 Qe7 13. Rc1 Rb8 14. b3
d6 15. Nc3 Nxe5 16. Nxe5 Qxe5 17. e3 O-O 18. Be2 f5 19. O-O f4 20. exf4 Rxf4
21. Bf3 Rbf8 22. Rfe1 Qg5 23. Bd5+ Kh8 24. Rc2 Qf6 25. Ne4 Qd4 26. Rd2 Rxe4 0-1

[Event "Tournoi Skype 029A"]
[Site "Skype"]
[Date "????.??.??"]
[Round "4.2"]
[White "Mayor Martinez, Juan Jose"]
[Black "Grosso, Raul"]
[Result "1/2-1/2"]
[WhiteElo "1749"]
[BlackElo "1746"]
[PlyCount "114"]

1. d4 Nf6 2. c4 c5 3. d5 b5 4. e3 Bb7 5. b3 e6 6. dxe6 fxe6 7. Nf3 Be7 8. Be2
O-O 9. O-O bxc4 10. bxc4 Qc7 11. Nc3 a6 12. Qc2 Ng4 13. h3 Rxf3 14. hxg4 Rf7
15. e4 Nc6 16. Rb1 Nd4 17. Qd3 Raf8 18. Bd2 Bd6 19. Be3 Be5 20. Bd1 Bc6 21. a4
Qd6 22. Qd2 Bh2+ 23. Kh1 Bf4 24. Bxf4 Rxf4 25. Qe3 Qe5 26. Kg1 g5 27. f3 d5 28.
Rb6 dxe4 29. Ne2 Nxe2+ 30. Bxe2 Bxa4 31. Rxa6 Bd7 32. g3 R4f7 33. fxe4 Rxf1+
34. Bxf1 h6 35. Kg2 Rb8 36. Ra2 Bc6 37. Bd3 Rb2+ 38. Rxb2 Qxb2+ 39. Qf2 Qxf2+
40. Kxf2 e5 41. Kf3 Ba4 42. Ke3 Kf7 43. Kd2 Kg6 44. Be2 Bc6 45. Bf3 Kf6 46. Kc3
Ke6 47. Kb3 Kd6 48. Ka3 Kc7 49. Kb3 Kb6 50. Bg2 Ka5 51. Bf3 Bd7 52. Be2 Ba4+
53. Kc3 Bc6 54. Bf3 Ka4 55. Bg2 Ka3 56. Bf3 Bd7 57. Bd1 Bc6 1/2-1/2

[Event "Tournoi Skype 029A"]
[Site "Skype"]
[Date "????.??.??"]
[Round "4.3"]
[White "Blasco, Raul"]
[Black "Rapaire, Jean-Michel"]
[Result "1/2-1/2"]
[WhiteElo "1978"]
[BlackElo "1739"]
[PlyCount "35"]

1. c4 b6 2. Nf3 Bb7 3. e3 d6 4. d4 Nf6 5. Nc3 e6 6. Bd3 d5 7. O-O Bd6 8. cxd5
exd5 9. Ne5 Nbd7 10. f4 c5 11. Qf3 Qe7 12. Bb5 O-O 13. Bxd7 cxd4 14. exd4 Nxd7
15. Nxd5 Qd8 16. Kh1 f5 17. Qd3 Re8 18. g3 1/2-1/2